[Event "Baku Chess Olympiad | Open"]
[Site "chess24.com"]
[Date "2016.09.09"]
[Round "7.3"]
[White "Nepomniachtchi, Ian"]
[Black "Hracek, Zbynek"]
[Result "1-0"]
[WhiteElo "2740"]
[BlackElo "2591"]
[PlyCount "81"]
[EventDate "2016.??.??"]
[SourceDate "2015.04.14"]
[WhiteTeam "Russland"]
[BlackTeam "Tschechien"]
[WhiteTeamCountry "RUS"]
[BlackTeamCountry "CZE"]
[WhiteClock "1:15:24"]
[BlackClock "0:30:34"]

1. e4 c5 2. Nf3 Nc6 3. d4 cxd4 4. Nxd4 Nf6 5. Nc3 e5 6. Ndb5 d6 7. Bg5 a6 8.
Na3 b5 9. Nd5 Be7 10. Bxf6 Bxf6 11. c4 b4 12. Nc2 O-O 13. g3 Be6 14. h4 a5 15.
Bh3 a4 16. Qd3 b3 17. Nce3 bxa2 18. Rxa2 Qa5+ 19. Kf1 Bxd5 20. Nxd5 Nb4 21.
Nxb4 Qxb4 22. Bd7 Bd8 23. Bc6 Ra7 24. Qc2 a3 25. Kg2 Qc5 26. Bd5 g6 27. Rb1
axb2 28. Raxb2 Kh8 29. Rb5 Qc8 30. Rb8 Qd7 31. Qd2 Kg7 32. R8b7 Rxb7 33. Rxb7
Qg4 34. Qa2 Bxh4 35. Qa7 Kh6 36. Rxf7 Rxf7 37. Qxf7 Bg5 38. Qf8+ Kh5 39. Qxd6
Bf4 40. Qf6 Qg5 41. Qf7 1-0

[Event "Baku Chess Olympiad | Open"]
[Site "chess24.com"]
[Date "2016.09.09"]
[Round "7.3"]
[White "Kreisl, Robert"]
[Black "Fressinet, Laurent"]
[Result "0-1"]
[WhiteElo "2448"]
[BlackElo "2664"]
[PlyCount "120"]
[EventDate "2016.??.??"]
[SourceDate "2015.04.14"]
[WhiteTeam "Österreich"]
[BlackTeam "Frankreich"]
[WhiteTeamCountry "AUT"]
[BlackTeamCountry "FRA"]
[WhiteClock "0:06:19"]
[BlackClock "0:10:30"]

1. d4 Nf6 2. c4 e6 3. Nf3 d5 4. g3 Be7 5. Bg2 O-O 6. O-O c6 7. Qc2 b6 8. Nbd2
Bb7 9. e4 Na6 10. a3 c5 11. cxd5 exd5 12. e5 Nd7 13. dxc5 bxc5 14. b3 Nc7 15.
Bb2 Ne6 16. Rfd1 Rb8 17. Nf1 d4 18. N1d2 Qc7 19. Re1 Bd5 20. Ng5 Bxg5 21. Bxd5
Bxd2 22. Qxd2 Nxe5 23. f4 Ng4 24. Rac1 Qd6 25. Bxe6 fxe6 26. b4 cxb4 27. axb4
Rfd8 28. Rc4 e5 29. Qd3 Ne3 30. fxe5 Qd5 31. Rxe3 dxe3 32. Rd4 e2 33. Qxe2 Qe6
34. Qd2 Rxd4 35. Qxd4 Rf8 36. Qe3 a6 37. Bc3 h6 38. Bd2 Qd5 39. Qe2 Qd4+ 40.
Kg2 Qd5+ 41. Kg1 Rd8 42. Be1 Qd4+ 43. Kg2 Qd3 44. Qf3 Qd5 45. Qxd5+ Rxd5 46.
Kf3 Rxe5 47. Bc3 Rb5 48. Ke4 h5 49. Kd4 Kf7 50. Kc4 g6 51. Bd4 Ke6 52. Bc5 Ke5
53. h4 Kf5 54. Bd6 Kg4 55. Bc7 Kf5 56. Bd6 g5 57. hxg5 Kxg5 58. Bc7 Kg4 59. Bd6
Kf3 60. Bc7 Rg5 0-1

[Event "Baku Chess Olympiad | Open"]
[Site "chess24.com"]
[Date "2016.09.09"]
[Round "7.2"]
[White "Edouard, Romain"]
[Black "Shengelia, David"]
[Result "1/2-1/2"]
[WhiteElo "2635"]
[BlackElo "2573"]
[PlyCount "127"]
[EventDate "2016.??.??"]
[SourceDate "2015.04.14"]
[WhiteTeam "Frankreich"]
[BlackTeam "Österreich"]
[WhiteTeamCountry "FRA"]
[BlackTeamCountry "AUT"]
[WhiteClock "0:15:25"]
[BlackClock "0:02:24"]

1. c4 Nf6 2. Nc3 b6 3. d4 Bb7 4. Qc2 e6 5. e4 Bb4 6. Bd3 c5 7. d5 b5 8. Bg5
bxc4 9. Bxc4 h6 10. Bh4 exd5 11. exd5 Qe7+ 12. Kf1 O-O 13. Nge2 Ba6 14. Bxa6
Nxa6 15. Qf5 Rfe8 16. Bxf6 Qxf6 17. Qxf6 gxf6 18. h4 Bxc3 19. Nxc3 Rab8 20. Rb1
Nb4 21. Rh3 Re5 22. Rd1 Nc2 23. Rhd3 f5 24. d6 Nd4 25. Na4 Ne6 26. g3 Rb4 27.
b3 c4 28. Rc3 cxb3 29. axb3 f4 30. Nb2 fxg3 31. Rxg3+ Kh7 32. Nc4 Reb5 33. Rdd3
a5 34. Rgf3 f5 35. Rfe3 a4 36. Rxe6 dxe6 37. d7 Rb8 38. d8=Q Rxd8 39. Rxd8 axb3
40. Nb2 Rxh4 41. Rb8 Rh3 42. Na4 e5 43. Kg2 Rh4 44. Nc5 Rg4+ 45. Kf1 Rc4 46.
Rb7+ Kg6 47. Nd3 Rc3 48. Nxe5+ Kf6 49. f4 Ke6 50. Ke2 h5 51. Kd2 Rg3 52. Nd3
Kd5 53. Rxb3 Ke4 54. Rb4+ Kf3 55. Ne1+ Kg4 56. Ke2 h4 57. Nd3 Rg2+ 58. Ke3 Rg3+
59. Ke2 Rg2+ 60. Kf1 Rd2 61. Nf2+ Kg3 62. Rb3+ Kxf4 63. Kg2 Ra2 64. Rb4+
1/2-1/2

[Event "Baku Chess Olympiad | Open"]
[Site "chess24.com"]
[Date "2016.09.09"]
[Round "7.3"]
[White "McShane, Luke J"]
[Black "Yu, Yangyi"]
[Result "1/2-1/2"]
[WhiteElo "2671"]
[BlackElo "2725"]
[PlyCount "71"]
[EventDate "2016.??.??"]
[SourceDate "2015.04.14"]
[WhiteTeam "England"]
[BlackTeam "China"]
[WhiteTeamCountry "ENG"]
[BlackTeamCountry "CHN"]
[WhiteClock "0:09:01"]
[BlackClock "0:41:00"]

1. e4 c5 2. Nf3 d6 3. d4 cxd4 4. Nxd4 Nf6 5. Nc3 a6 6. Be3 Ng4 7. Bc1 Nf6 8.
Be3 Ng4 9. Bg5 h6 10. Bh4 g5 11. Bg3 Bg7 12. Be2 h5 13. Bxg4 hxg4 14. Nd5 Nc6
15. Nf5 Bxb2 16. Rb1 Ba3 17. Rb3 Bc5 18. O-O e6 19. Qa1 e5 20. Qd1 Nd4 21. Nxd4
Bxd4 22. Kh1 b5 23. f3 gxf3 24. Rbxf3 Bg4 25. c3 Bc5 26. Nf6+ Qxf6 27. Qd5 Bxf3
28. Rxf3 Ke7 29. Qb7+ Ke6 30. Qd5+ Ke7 31. Qb7+ Ke6 32. Bxe5 Qg6 33. Qd5+ Ke7
34. Qb7+ Ke6 35. Qd5+ Ke7 36. Qb7+ 1/2-1/2

[Event "Baku Chess Olympiad | Open"]
[Site "chess24.com"]
[Date "2016.09.05"]
[Round "4.4"]
[White "Guliyev, Namig"]
[Black "Mueller, Oliver"]
[Result "1/2-1/2"]
[WhiteElo "2577"]
[BlackElo "2272"]
[PlyCount "189"]
[EventDate "2016.??.??"]
[SourceDate "2015.04.14"]
[WhiteTeam "Aserbeidschan"]
[BlackTeam "Deutschland"]
[WhiteTeamCountry "AZE"]
[BlackTeamCountry "GER"]
[WhiteClock "1:30:30"]
[BlackClock "1:30:30"]

1. e4 c5 2. Nf3 d6 3. d4 cxd4 4. Nxd4 Nf6 5. Nc3 Nc6 6. Bg5 e6 7. Qd2 Be7 8.
O-O-O Nxd4 9. Qxd4 O-O 10. Bc4 Qa5 11. h4 a6 12. f3 Rd8 13. g4 b5 14. Bb3 Bb7
15. Bd2 Qc7 16. g5 Nh5 17. Kb1 Qc5 18. Qd3 b4 19. Be3 Qc6 20. Ne2 a5 21. Bc4
Ba6 22. Bxa6 Qxa6 23. Qxa6 Rxa6 24. c3 d5 25. exd5 exd5 26. Rd3 g6 27. Rhd1
Rad6 28. Nd4 Rc8 29. Nb5 Re6 30. Bc1 Rb6 31. Na7 Rc7 32. Be3 Rbb7 33. cxb4 axb4
34. Rxd5 Rxa7 35. Bxa7 Rxa7 36. Rd7 Rxd7 37. Rxd7 Kf8 38. Ra7 Ng3 39. Ra8+ Kg7
40. Rc8 Nf5 41. Rc4 h6 42. Re4 hxg5 43. hxg5 f6 44. gxf6+ Kxf6 45. Kc2 g5 46.
Kd3 Nh4 47. Ke2 Ng6 48. Rc4 Ne5 49. Rc7 Bd6 50. Ra7 Nc4 51. Ra6 Ke6 52. b3 Ne5
53. Ra5 Be7 54. Ke3 Nc6 55. Rb5 Ne5 56. Ke4 Bd6 57. Ra5 Bc7 58. Ra6+ Bd6 59.
Ra8 Nd7 60. Ra5 Ne5 61. Rb5 Nf7 62. Rd5 Be5 63. Ra5 Bd6 64. Ra8 Be7 65. Ra5 Bd6
66. Ra6 Ne5 67. Rb6 Nd7 68. Rb5 Ne5 69. f4 gxf4 70. Kxf4 Nd3+ 71. Ke4 Ne5 72.
Ra5 Nd7 73. Kd4 Ne5 74. Ra8 Nc6+ 75. Kc4 Ne5+ 76. Kb5 Kd5 77. Rh8 Ke6 78. Rh1
Kd5 79. Rd1+ Ke6 80. Rf1 Kd5 81. Rh1 Ke6 82. Rd1 Ke7 83. Rh1 Ke6 84. Rh8 Kd5
85. Rh3 Ke6 86. Rg3 Kd5 87. Re3 Ke6 88. a4 bxa3 89. b4 a2 90. Ra3 Nd3 91. Rxa2
Nxb4 92. Re2+ Kd5 93. Rd2+ Ke6 94. Rxd6+ Kxd6 95. Kxb4 1/2-1/2

[Event "Baku Chess Olympiad | Open"]
[Site "chess24.com"]
[Date "2016.09.03"]
[Round "2.3"]
[White "Mueller, Oliver"]
[Black "Gibson, Franklyn"]
[Result "1-0"]
[WhiteElo "2272"]
[BlackElo "1987"]
[Annotator "Matthias Krallmann"]
[PlyCount "51"]
[EventDate "2016.??.??"]
[SourceDate "2015.04.14"]
[WhiteTeam "Deutschland"]
[BlackTeam "Bahamas"]
[WhiteTeamCountry "GER"]
[BlackTeamCountry "BAH"]
[WhiteClock "1:30:30"]
[BlackClock "1:30:30"]

1. d4 Nf6 2. c4 g6 3. g3 d5 4. Bg2 Bg7 5. Nf3 dxc4 6. Na3 c3 7. bxc3 c5 8. O-O
O-O 9. Nc4 Nc6 10. Nfe5 Nxe5 (10... Nd5 11. Bb2 Be6 12. e4 Nxe5 13. Nxe5 Nb6
14. f4 Nc4 15. Qe2 cxd4 16. cxd4 Rc8 17. d5 Qb6+ 18. Rf2 Bxe5 19. fxe5 Bg4 20.
Qxg4 Nxb2 21. Qe2 Nc4 22. e6 fxe6 23. Bh3 Rxf2 24. Qxf2 Qxf2+ 25. Kxf2 Rf8+ 26.
Ke2 exd5 27. Be6+ Kg7 28. Bxd5 Rc8 29. Rc1 b5 30. a4 Nd6 31. Ra1 b4 32. a5 Kf6
33. Rb1 Rb8 34. a6 Ke5 {0-1 Le Roux,J (2559)-Vachier Lagrave,M (2686)/Aix les
Bains 2012/CBM 149 Extra}) (10... Be6 11. Bb2 Nxe5 12. Nxe5 Bd5 13. Bxd5 Qxd5
14. Qb3 Qe4 15. e3 Rac8 16. c4 Ng4 17. Nxg4 Qxg4 18. d5 Bxb2 19. Qxb2 Qxc4 20.
Qxb7 Rfd8 21. Rfd1 Kf8 22. Qb2 f6 23. Rac1 Qb4 24. Qe2 Rb8 25. e4 Qa3 26. Rc2
Rb6 27. Rd3 Rb1+ 28. Kg2 Qb4 29. Rdc3 Ra1 30. Qe3 Qb1 31. Rc1 Qxa2 32. R3c2 Qa6
33. Rxa1 Qxa1 34. Rxc5 Qe5 35. Rc6 Kf7 36. Ra6 Rd7 37. Re6 Qb8 38. Rc6 a5 39.
Qc5 Qe5 40. Re6 Qc7 41. Rc6 Qe5 42. Qc4 Rb7 43. Re6 Qc7 44. Rc6 Qe5 45. Re6 Qc7
46. Qa2 Kg7 47. Qa4 Kf7 48. e5 Rb4 49. Qd1 fxe5 50. Qf3+ Kg7 51. d6 exd6 52.
Qf6+ Kh6 53. f4 Qc6+ 54. Kh3 Rxf4 55. gxf4 Qf3+ 56. Kh4 Qf2+ 57. Kh3 Qf3+ 58.
Kh4 Qf2+ 59. Kh3 {1/2-1/2 Jumabayev,R (2562)-Efimenko,Z (2661)/Baku 2013/CBM
156 Extra}) 11. Nxe5 Qc7 12. Ba3 cxd4 13. cxd4 Bh6 14. e3 Ne8 15. Rc1 Qd8 16.
Qb3 Nd6 17. Bd5 e6 18. Bg2 Re8 19. Rc2 Bf8 20. Rfc1 Rb8 $2 (20... f6 21. Nc4
Nxc4 22. Rxc4 Bxa3 23. Qxa3 $16) 21. Nc6 Qc7 22. Nxb8 Qxb8 23. Rc7 a6 24. Qc2
Nc4 25. Qxc4 Bxa3 26. Rxc8 1-0

[Event "Baku Chess Olympiad | Open"]
[Site "chess24.com"]
[Date "2016.09.09"]
[Round "7.1"]
[White "Smerdon, David C"]
[Black "Wojtaszek, Radoslaw"]
[Result "0-1"]
[WhiteElo "2531"]
[BlackElo "2736"]
[PlyCount "96"]
[EventDate "2016.??.??"]
[SourceDate "2015.04.14"]
[WhiteTeam "Australien"]
[BlackTeam "Polen"]
[WhiteTeamCountry "AUS"]
[BlackTeamCountry "POL"]
[WhiteClock "0:14:23"]
[BlackClock "0:45:27"]

1. e4 c5 2. Nf3 d6 3. c3 Nf6 4. Be2 g6 5. O-O Bg7 6. Bb5+ Nc6 7. d4 O-O 8. Re1
cxd4 9. cxd4 Bg4 10. d5 Ne5 11. Be2 Nxf3+ 12. Bxf3 Bxf3 13. Qxf3 Nd7 14. Nc3
Rc8 15. Bg5 h6 16. Bh4 Ne5 17. Qe2 Nc4 18. Rac1 g5 19. Bg3 Qa5 20. Red1 Qb4 21.
Rc2 Rc7 22. Rdc1 Nxb2 23. Rxb2 Rxc3 24. Rd1 Qc4 25. Qxc4 Rxc4 26. Rxb7 Bf6 27.
e5 dxe5 28. Rxa7 h5 29. f3 Rb8 30. Re1 Rb2 31. h3 e4 32. Ra8+ Kg7 33. fxe4 Rcc2
34. Kh1 Rxg2 35. Bb8 Bd4 36. Ra4 Bc3 37. Rc1 Rge2 38. Rc4 Rxb8 39. R4xc3 Rbb2
40. Rg3 Kg6 41. Ra1 Rxe4 42. a4 Ree2 43. Rga3 f5 44. a5 f4 45. d6 exd6 46. a6
g4 47. hxg4 hxg4 48. Kg1 Rg2+ 0-1

[Event "Baku Chess Olympiad | Open"]
[Site "chess24.com"]
[Date "2016.09.03"]
[Round "2.1"]
[White "Smerdon, David C"]
[Black "Saric, Ivan"]
[Result "0-1"]
[WhiteElo "2531"]
[BlackElo "2668"]
[Annotator "Matthias Krallmann"]
[PlyCount "72"]
[EventDate "2016.??.??"]
[SourceDate "2015.04.14"]
[WhiteTeam "Australien"]
[BlackTeam "Kroatien"]
[WhiteTeamCountry "AUS"]
[BlackTeamCountry "CRO"]
[WhiteClock "0:02:00"]
[BlackClock "0:10:49"]

1. e4 c5 2. c3 Nf6 3. e5 Nd5 4. Nf3 d6 (4... e6 5. d4 cxd4 6. Bc4 d6 7. exd6
Bxd6 8. cxd4 O-O 9. O-O b6 10. Nc3 Nxc3 11. bxc3 Qc7 12. Bd3 Nd7 13. Bd2 Bb7
14. h3 Bf4 15. a4 Bxd2 16. Qxd2 Bxf3 17. gxf3 Rac8 18. Rac1 Nf6 19. Be4 Rfd8
20. Rfd1 Nh5 21. Qg5 Nf4 22. Kh1 f5 23. Bb1 Nxh3 24. Qh4 Nf4 25. Ba2 Kh8 26. c4
Ng6 27. Qg3 Qf4 28. Qxf4 Nxf4 29. Rc2 g6 30. Bb3 Kg7 31. a5 e5 32. d5 Rd6 33.
Ra1 Rc7 34. Ba4 Kf6 35. axb6 axb6 36. Bc6 Ne6 37. Rb2 Nd4 38. Rxb6 Nxc6 39.
Raa6 e4 40. fxe4 fxe4 41. Rxc6 Rdxc6 42. dxc6 Ke5 43. Kg2 Kd6 44. Kg3 Rxc6 45.
Ra4 Ke5 46. Kg4 Kd4 47. Kg5 Rxc4 48. Ra7 Rc2 49. Rf7 Kd3 50. Kh6 Ke2 51. Rf4
Kd3 52. Kxh7 g5 53. Rf5 g4 54. Kg6 g3 55. fxg3 Rg2 56. Rd5+ Ke2 57. Rg5 e3 58.
g4 Kf1 59. Kh5 e2 60. Re5 e1=Q 61. Rxe1+ Kxe1 62. g5 Kf2 63. g6 Kf3 64. Kh6 Kf4
65. g7 Kf5 66. Kh7 Rh2+ 67. Kg8 Kg6 68. Kf8 Rf2+ 69. Kg8 Rd2 70. Kh8 Rh2+ 71.
Kg8 Rh7 {0-1 Schmidt,R (2141)-Solak,D (2510)/Dos Hermanas 2003/EXT 2004}) 5. d4
cxd4 6. cxd4 e6 7. Bc4 Be7 8. O-O O-O 9. exd6 Bxd6 10. Nc3 b6 $146 11. Qd3 Bb7
12. Bg5 Qd7 13. Rfe1 h6 14. Ne4 Nb4 15. Qb3 Bxe4 16. Rxe4 N8c6 17. Bf6 (17.
Bxh6 Na5 (17... gxh6 18. Rg4+ Kh8 19. Qe3 f5 20. Rg6 f4 21. Qe4 Qh7 22. Qxe6
$18) 18. Qc3 Nd5 19. Bxd5 exd5 20. Rh4 gxh6 21. Rxh6 Kg7 22. Qd2 Rg8 23. Rh5
Qe6 24. Ng5 Qg4 25. Rh7+ Kg6 26. Nxf7 Kf6 27. f3 $14) 17... Nd5 18. Ne5 Bxe5
19. dxe5 $6 (19. Bxe5 $11) 19... gxf6 20. exf6 Nxf6 21. Rxe6 Ng4 22. Rd1 Nd4
23. Qh3 Ne2+ 24. Bxe2 Qxe6 25. Bxg4 Rad8 $17 26. Rc1 Qf6 27. g3 Rd2 28. Bf5
Rfd8 29. Rc4 R8d4 30. Rc8+ Kg7 31. g4 Qe5 32. Qe3 Qxe3 33. fxe3 Rb4 34. b3 Rxa2
35. Rc3 Rb2 36. Rc7 R4xb3 0-1

[Event "Dresden ol (Women) 38th"]
[Site "Dresden"]
[Date "2008.11.25"]
[Round "11"]
[White "Paulet, Iozefina"]
[Black "Shen, Yang"]
[Result "1-0"]
[WhiteElo "2307"]
[BlackElo "2450"]
[Annotator "Iozefina Paulet"]
[PlyCount "91"]
[EventDate "2008.11.13"]
[EventType "team-tourn"]
[EventRounds "11"]
[EventCountry "GER"]
[SourceTitle "CBM 128"]
[Source "ChessBase"]
[SourceDate "2009.01.28"]
[WhiteTeam "Romania (W)"]
[BlackTeam "China (W)"]
[WhiteTeamCountry "ROU"]
[BlackTeamCountry "CHN"]

1. e4 e5 2. Nf3 Nc6 3. Bb5 a6 4. Ba4 Nf6 5. O-O b5 6. Bb3 Be7 7. Re1 d6 8. c3
O-O 9. h3 Bb7 10. d3 Na5 11. Bc2 c5 12. Nbd2 Re8 13. Nf1 Nc6 14. Ng3 Bf8 15.
Nh2 g6 16. Qf3 Bg7 17. Bg5 h6 18. Be3 Rc8 19. Rad1 Nd4 20. cxd4 cxd4 21. Bb3
dxe3 22. fxe3 h5 23. Rf1 d5 24. Rf2 Re7 {[#]} 25. Rdf1 {in order to support my
next move} h4 26. Nf5 gxf5 27. Qxf5 {All my pieces are pointed to the black's
king which makes his position very complicated. During the game I was afraid
of 27.. Tec7 in order to exchange some pieces, which will diminish white's
pressure.} Rc6 $2 (27... Rec7 {with the idea of ...Tc1 to exchange one of the
rooks.} 28. Ng4 (28. Qg5 Rc1 {and now} 29. Rxf6 {is not possible anymore.})
28... Nh7 (28... Nxg4 29. Qxg4 Rc1 $2 (29... a5 30. Rf5 Qf8 31. R1f3 a4 32.
Bxd5 Bxd5 33. exd5 Rd8 34. e4 {I will also win the h4 pawn, so I think I have
enough play for the piece.}) 30. Rxf7 Rxf1+ 31. Rxf1 a5 32. Qe6+ Kh7 33. Bxd5
Bxd5 34. exd5 Rb8 (34... Rc7 35. Rf5 $18) 35. d6 (35. Rf5 Qe8 $15) 35... Qe8
36. Qd5 $13) 29. Nxe5 Nf6 30. Ng4 (30. Rf4 $13 {leading to a complicated
position})) 28. Qg5 Rd7 (28... Nh7 {to bring the black rook into black's
defence} 29. Qxh4 Rh6 30. Qg3 Rc7 31. Ng4 Rg6 32. Kh1 {white does not have any
moves left to improve its position but black has also difficulties going on.
For instance:} Nf8 (32... Qd6 33. Kh2 Nf8 34. Qh4 Ne6 35. Nf6+ Bxf6 36. Rxf6
Kg7 37. R1f5 $14) 33. Kg1 Ne6 34. h4 $40) 29. exd5 Rcd6 30. e4 Qe7 31. Qxh4 {
[#] I have already 3 pawns for the piece while still retaining pressure on the
king side} Nxd5 32. Qxe7 Nxe7 33. Rxf7 Kh8 34. Ng4 Ng8 $2 (34... a5 35. a3 Rxd3
36. Rxg7 Kxg7 37. Rf7+ Kh8 38. Rf8+ Kg7 39. Rf7+ $11) 35. R7f5 Nh6 36. Rh5 Kh7
37. Rff5 Rxd3 (37... Rc7 38. Nxe5 {grabbing the 4th pawn}) 38. Nxh6 Bxh6 39.
Rf6 Bxe4 40. Rfxh6+ Kg7 41. Rxa6 Rg3 42. Rxe5 Rxg2+ 43. Kf1 Bb7 44. Rb6 Rxb2
45. Rg5+ Kh8 46. Rh6+ 1-0